[Event "Fouesnant op 15th"]
[Site "Fouesnant"]
[Date "2009.10.31"]
[Round "9"]
[White "Purenne, Benoit"]
[Black "Vigneron, Frederic"]
[Result "1/2-1/2"]
[WhiteElo "1909"]
[BlackElo "1947"]
[PlyCount "72"]
[EventDate "2009.10.26"]
[EventType "swiss"]
[EventRounds "9"]
[EventCountry "FRA"]
[SourceTitle "EXT 2010"]
[Source "ChessBase"]
[SourceDate "2010.11.25"]
[SourceVersion "1"]
[SourceVersionDate "2010.11.25"]
[SourceQuality "1"]

1. e4 d6 2. d4 Nf6 3. Nc3 c6 4. Be3 Qa5 5. f3 e5 6. Qd2 Be7 7. Nge2 Qc7 8. g4 b5 9. Ng3 g6 10. h4 h5 11. g5 Nfd7 12. a3 a6 13. Be2 Nb6 14. f4 N8d7 15. dxe5 dxe5 16. f5 Qd6 17. Qxd6 Bxd6 18. 0-0-0 Bc7 19. Rhf1 0-0 20. Bxb6 Bxb6 21. fxg6 fxg6 22. Rd6 Rxf1+ 23. Nxf1 Nf8 24. Rxc6 Bf2 25. Nd5 Be6 26. Nf6+ Kg7 27. Rc7+ Bf7 28. Nh2 Bxh4 29. Nf3 Bg3 30. c4 Ne6 31. Rb7 Rc8 32. Kd2 Rd8+ 33. Kc2 Rc8 34. Kd1 Rd8+ 35. Kc2 Rc8 36. Kd1 Rd8+ 1/2-1/2

[Event "Fouesnant op 15th"]
[Site "Fouesnant"]
[Date "2009.10.25"]
[Round "2"]
[White "Vigneron, Frederic"]
[Black "Okhotnik, Vladimir"]
[Result "1/2-1/2"]
[WhiteElo "1947"]
[BlackElo "2447"]
[PlyCount "88"]
[EventDate "2009.10.26"]
[EventType "swiss"]
[EventRounds "9"]
[EventCountry "FRA"]
[SourceTitle "EXT 2010"]
[Source "ChessBase"]
[SourceDate "2010.11.25"]
[SourceVersion "1"]
[SourceVersionDate "2010.11.25"]
[SourceQuality "1"]

1. d4 e6 2. c4 f5 3. g3 Nf6 4. Bg2 d6 5. Nf3 Be7 6. Nc3 0-0 7. 0-0 a5 8. Qc2 Nc6 9. a3 e5 10. d5 Nb8 11. e4 Nxe4 12. Nxe4 fxe4 13. Ne1 Qe8 14. Bxe4 Qh5 15. Be3 Nd7 16. Qd1 Qe8 17. b4 Nf6 18. Bg2 Ng4 19. Nc2 Bf5 20. h3 Bxc2 21. Qxc2 Nxe3 22. fxe3 axb4 23. axb4 Rxf1+ 24. Rxf1 Bg5 25. e4 Ra3 26. Rf3 Qa8 27. Rxa3 Qxa3 28. c5 Qxg3 29. cxd6 Qe3+ 30. Qf2 Qc1+ 31. Qf1 Qc3 32. dxc7 Qxc7 33. Qf5 Be3+ 34. Kh1 g6 35. Qf6 Bf4 36. Bf1 g5 37. d6 Qc2 38. Qe6+ Kg7 39. Qe7+ Kh6 40. Qe6+ Kh5 41. Qg4+ Kh6 42. Qe6+ Kh5 43. Qg4+ Kh6 44. Qe6+ Kh5 1/2-1/2

[Event "Fouesnant op 14th"]
[Site "Fouesnant"]
[Date "2008.11.01"]
[Round "9"]
[White "Vigneron, Frederic"]
[Black "Wirth, Thierry"]
[Result "1/2-1/2"]
[WhiteElo "1973"]
[BlackElo "1800"]
[PlyCount "52"]
[EventDate "2008.10.25"]
[EventType "swiss"]
[EventRounds "9"]
[EventCountry "FRA"]
[SourceTitle "EXT 2009"]
[Source "ChessBase"]
[SourceDate "2008.11.26"]
[SourceVersion "1"]
[SourceVersionDate "2008.11.26"]
[SourceQuality "1"]

1. d4 e6 2. c4 c6 3. Nf3 d5 4. Nc3 f5 5. g3 Bd6 6. Bg2 Nf6 7. 0-0 0-0 8. Qb3 Kh8 9. Qc2 h6 10. Nh4 Qe8 11. cxd5 g5 12. Nf3 exd5 13. e3 Ne4 14. a3 Nd7 15. b4 Ndf6 16. Bb2 Qh5 17. Qd1 Ng4 18. h3 Ngxf2 19. Rxf2 Nxf2 20. Kxf2 f4 21. g4 fxe3+ 22. Kxe3 Qf7 23. Ne2 Bd7 24. Kd3 Qh7+ 25. Kc3 Rae8 26. Qd3 Kg8 1/2-1/2

[Event "Fouesnant op 14th"]
[Site "Fouesnant"]
[Date "2008.10.28"]
[Round "5"]
[White "Vigneron, Frederic"]
[Black "Keravec, Julien"]
[Result "1/2-1/2"]
[WhiteElo "1979"]
[BlackElo "1766"]
[PlyCount "96"]
[EventDate "2008.10.25"]
[EventType "swiss"]
[EventRounds "9"]
[EventCountry "FRA"]
[SourceTitle "EXT 2009"]
[Source "ChessBase"]
[SourceDate "2008.11.26"]
[SourceVersion "1"]
[SourceVersionDate "2008.11.26"]
[SourceQuality "1"]

1. d4 Nf6 2. c4 d6 3. Nf3 g6 4. Nc3 Bg7 5. e4 0-0 6. Be2 e5 7. dxe5 dxe5 8. Qxd8 Rxd8 9. Bg5 Re8 10. Nd5 Nxd5 11. cxd5 f5 12. Rc1 c6 13. Bc4 Kh8 14. Be3 Bf6 15. h4 f4 16. Bd2 Bd7 17. Bc3 b5 18. Bb3 c5 19. 0-0 c4 20. Bc2 a5 21. a3 Kg7 22. g3 fxg3 23. fxg3 Bc8 24. Rf2 Nd7 25. Rcf1 Bd8 26. Kg2 Bb6 27. Re2 Bc7 28. Ng5 Nf6 29. Ref2 Rf8 30. Bd1 h6 31. Nh3 Bxh3+ 32. Kxh3 Nxe4 33. Rxf8 Rxf8 34. Rxf8 Kxf8 35. Be1 Nf6 36. d6 Bxd6 37. Bxa5 e4 38. Bd2 h5 39. Bc2 Be5 40. a4 bxa4 41. Bxa4 Bxb2 42. Bc2 Bd4 43. Bg5 Ng4 44. Kg2 Ne3+ 45. Bxe3 Bxe3 46. Bxe4 Kg7 47. Kf3 Bd4 48. g4 hxg4+ 1/2-1/2

[Event "Avoine op 23rd"]
[Site "Avoine"]
[Date "2008.07.24"]
[Round "6"]
[White "Vigneron, Frederic"]
[Black "Sandu, Mihaela"]
[Result "0-1"]
[WhiteElo "1997"]
[BlackElo "2325"]
[PlyCount "52"]
[EventDate "2008.07.19"]
[EventType "swiss"]
[EventRounds "9"]
[EventCountry "FRA"]
[SourceTitle "CBM 125 Extra"]
[Source "ChessBase"]
[SourceDate "2008.09.01"]
[SourceVersion "1"]
[SourceVersionDate "2008.09.01"]
[SourceQuality "1"]

1. d4 f5 2. e4 fxe4 3. Nc3 Nf6 4. Bg5 g6 5. Bxf6 exf6 6. Nxe4 d5 7. Nc3 Bh6 8. Bd3 0-0 9. Qf3 c6 10. Nge2 f5 11. h4 Nd7 12. Nf4 Qb6 13. 0-0-0 Qxd4 14. g3 Qf6 15. Kb1 Ne5 16. Qg2 Nf7 17. Rde1 Bd7 18. Re2 Rfe8 19. Rhe1 Rxe2 20. Rxe2 Re8 21. Rxe8+ Bxe8 22. Qf3 Qe5 23. Nfe2 Nd6 24. g4 Ne4 25. Bxe4 fxe4 26. Qh3 Bg7 0-1

[Event "Fouesnant op 13th"]
[Site "Fouesnant"]
[Date "2007.11.01"]
[Round "7"]
[White "Fournier, Sylvain"]
[Black "Vigneron, Frederic"]
[Result "1/2-1/2"]
[WhiteElo "1935"]
[BlackElo "2012"]
[PlyCount "55"]
[EventDate "2007.10.27"]
[EventType "swiss"]
[EventRounds "9"]
[EventCountry "FRA"]
[SourceTitle "EXT 2008"]
[Source "ChessBase"]
[SourceDate "2007.11.25"]
[SourceVersion "1"]
[SourceVersionDate "2007.11.25"]
[SourceQuality "1"]

1. b4 d5 2. a3 e5 3. Bb2 Qd6 4. e3 Nd7 5. g3 c6 6. Bg2 h5 7. h4 Ngf6 8. d3 Ng4 9. Nd2 Nb6 10. c4 Qg6 11. c5 Nd7 12. Nb3 Nxe3 13. fxe3 Qxg3+ 14. Kf1 Qxe3 15. Qf3 Qh6 16. Re1 f6 17. Nd4 Qd2 18. Bc1 Qc3 19. Nge2 Qa1 20. Ne6 e4 21. Qg3 Ne5 22. Nc7+ Kd8 23. Nxa8 exd3 24. Nf4 Qa2 25. Nxd3 Qc4 26. Rxe5 fxe5 27. Bg5+ Ke8 28. Qxe5+ 1/2-1/2

[Event "Fouesnant op 13th"]
[Site "Fouesnant"]
[Date "2007.10.28"]
[Round "3"]
[White "Serralta, Michel"]
[Black "Vigneron, Frederic"]
[Result "1-0"]
[WhiteElo "2155"]
[BlackElo "2012"]
[PlyCount "61"]
[EventDate "2007.10.27"]
[EventType "swiss"]
[EventRounds "9"]
[EventCountry "FRA"]
[SourceTitle "EXT 2008"]
[Source "ChessBase"]
[SourceDate "2007.11.25"]
[SourceVersion "1"]
[SourceVersionDate "2007.11.25"]
[SourceQuality "1"]

1. d4 Nf6 2. c4 c5 3. d5 b5 4. cxb5 a6 5. b6 Qxb6 6. Nc3 d6 7. Nf3 g6 8. e4 Nbd7 9. Be2 Bg7 10. 0-0 0-0 11. Nd2 Ne5 12. Kh1 h5 13. f4 Neg4 14. Nc4 Qc7 15. h3 Nh6 16. Rg1 Nd7 17. g4 hxg4 18. hxg4 f5 19. gxf5 gxf5 20. e5 Nb6 21. Nxb6 Qxb6 22. Rg6 Ng4 23. Bxg4 fxg4 24. e6 Rf6 25. Qxg4 Rxg6 26. Qxg6 c4 27. Bd2 Qf2 28. Qe8+ Kh7 29. Qh5+ Kg8 30. Rg1 Qxd2 31. Qf7+ 1-0

[Event "Fouesnant op 12th"]
[Site "Fouesnant"]
[Date "2006.10.29"]
[Round "2"]
[White "Vigneron, Frederic"]
[Black "Deslias, Gregoire"]
[Result "1/2-1/2"]
[WhiteElo "2005"]
[BlackElo "1610"]
[PlyCount "99"]
[EventDate "2006.10.28"]
[EventType "swiss"]
[EventRounds "9"]
[EventCountry "FRA"]
[SourceTitle "EXT 2008"]
[Source "ChessBase"]
[SourceDate "2007.11.25"]
[SourceVersion "1"]
[SourceVersionDate "2007.11.25"]
[SourceQuality "1"]

1. d4 d5 2. c4 e6 3. Nc3 Nf6 4. Bg5 Nbd7 5. Nf3 h6 6. Bh4 Be7 7. e3 0-0 8. Rc1 Re8 9. Bd3 Nb6 10. b3 Bb4 11. 0-0 Nbd7 12. Ne5 Be7 13. Qc2 c5 14. Nxd7 Qxd7 15. Bxf6 Bxf6 16. cxd5 cxd4 17. Bb5 Qe7 18. Bxe8 dxc3 19. Bb5 exd5 20. Rcd1 Qe5 21. Rd4 Qg5 22. f4 Qh5 23. Be2 Bg4 24. Bxg4 Qxg4 25. Rxd5 Qe6 26. e4 Re8 27. Re1 Qxd5 28. exd5 Rxe1+ 29. Kf2 Re8 30. d6 Rc8 31. d7 Rc6 32. Ke3 Re6+ 33. Kf3 Rc6 34. g4 g6 35. h4 Kf8 36. Qe4 c2 37. Qb4+ Kg7 38. g5 Bd8 39. gxh6+ Kxh6 40. Qf8+ Kh7 41. Qxf7+ Kh8 42. Qf8+ Kh7 43. Qxd8 c1Q 44. Qe7+ Kh6 45. Qf8+ Kh7 46. Qe7+ Kh6 47. Qf8+ Kh7 48. Qe7+ Kh6 49. Qf8+ Kh7 50. Qe7+ 1/2-1/2

[Event "Fouesnant op 12th"]
[Site "Fouesnant"]
[Date "2006.10.28"]
[Round "1"]
[White "Purenne, Benoit"]
[Black "Vigneron, Frederic"]
[Result "1-0"]
[WhiteElo "1710"]
[BlackElo "2005"]
[PlyCount "63"]
[EventDate "2006.10.28"]
[EventType "swiss"]
[EventRounds "9"]
[EventCountry "FRA"]
[SourceTitle "EXT 2008"]
[Source "ChessBase"]
[SourceDate "2007.11.25"]
[SourceVersion "1"]
[SourceVersionDate "2007.11.25"]
[SourceQuality "1"]

1. d4 Nf6 2. c4 g6 3. Nc3 d5 4. Nf3 Bg7 5. Bf4 c6 6. e3 0-0 7. Bd3 Nbd7 8. 0-0 Re8 9. cxd5 Nxd5 10. Nxd5 cxd5 11. Rc1 e5 12. dxe5 Nxe5 13. Bb5 Bd7 14. Qxd5 Nxf3+ 15. gxf3 Bxb5 16. Qxb5 b6 17. Rfd1 Qf6 18. b3 h6 19. Kg2 Rad8 20. Rc7 g5 21. Bg3 h5 22. Rd6 Re6 23. Rxd8+ Qxd8 24. Rxa7 h4 25. Bc7 h3+ 26. Kg3 Qd1 27. Ra8+ Bf8 28. Kg4 Qg1+ 29. Bg3 Qd1 30. Qf5 Qa1 31. Ra7 Rf6 32. Qe5 1-0

[Event "Bethune op-A 25th"]
[Site "Bethune"]
[Date "2004.12.29"]
[Round "6"]
[White "Wery, Benoit"]
[Black "Vigneron, Frederic"]
[Result "1/2-1/2"]
[WhiteElo "1924"]
[BlackElo "2042"]
[PlyCount "28"]
[EventDate "2004.12.26"]
[EventType "swiss"]
[EventRounds "7"]
[EventCountry "FRA"]
[SourceTitle "CBM 104 Extra"]
[Source "ChessBase"]
[SourceDate "2005.03.01"]
[SourceVersion "1"]
[SourceVersionDate "2005.03.01"]
[SourceQuality "1"]

1. e4 g6 2. d4 c6 3. f4 d5 4. e5 h5 5. Bd3 Bg4 6. Ne2 e6 7. 0-0 Ne7 8. Nd2 Nd7 9. h3 Bf5 10. Nf3 Bxd3 11. Qxd3 Qb6 12. g4 hxg4 13. hxg4 Bh6 14. c3 0-0-0 1/2-1/2

[Event "Bethune op 24th"]
[Site "Bethune"]
[Date "2003.12.26"]
[Round "1"]
[White "Bouhallel, Rabah"]
[Black "Vigneron, Frederic"]
[Result "1-0"]
[WhiteElo "2302"]
[BlackElo "2068"]
[PlyCount "33"]
[EventDate "2003.12.26"]
[EventType "swiss"]
[EventRounds "9"]
[EventCountry "FRA"]
[SourceTitle "CBM 098 Extra"]
[Source "ChessBase"]
[SourceDate "2004.03.10"]
[SourceVersion "2"]
[SourceVersionDate "2004.03.10"]
[SourceQuality "1"]

1. e4 d6 2. d4 Nf6 3. Nc3 c6 4. Nf3 Bg4 5. h3 Bxf3 6. Qxf3 e6 7. Bg5 Be7 8. 0-0-0 d5 9. e5 Nfd7 10. Bxe7 Qxe7 11. Qg3 0-0 12. f4 f5 13. Kb1 a6 14. Qf3 c5 15. Nxd5 exd5 16. Qxd5+ Kh8 17. Qxb7 1-0

[Event "Bethune op-A 23th"]
[Site "Bethune"]
[Date "2002.12.26"]
[Round "1"]
[White "Vigneron, Frederic"]
[Black "Van der Stricht, Geert"]
[Result "0-1"]
[WhiteElo "2085"]
[BlackElo "2403"]
[PlyCount "92"]
[EventDate "2002.12.26"]
[EventType "swiss"]
[EventRounds "7"]
[EventCountry "FRA"]
[SourceTitle "CBM 091 Extra"]
[Source "ChessBase"]
[SourceDate "2003.01.09"]
[SourceVersion "1"]
[SourceVersionDate "2003.01.09"]
[SourceQuality "1"]

1. d4 Nf6 2. c4 e6 3. Nf3 b6 4. g3 Ba6 5. b3 b5 6. Bg2 bxc4 7. bxc4 Bxc4 8. 0-0 Bd5 9. Nc3 Bb4 10. Nxd5 exd5 11. Qb3 a5 12. Bg5 c6 13. a3 Be7 14. Ne5 0-0 15. Qb7 Ra6 16. Rfb1 h6 17. Bxf6 Bxf6 18. e3 a4 19. Nd3 Qa5 20. Nc5 Ra7 21. Qb4 Be7 22. Ra2 Bxc5 23. dxc5 Qd8 24. Rab2 Ra8 25. Bf1 Na6 26. Qb6 Nc7 27. Bd3 Ne6 28. Bf5 Qe7 29. Bxe6 fxe6 30. Qb4 e5 31. Qg4 Rfd8 32. Rb4 Qxc5 33. Rxa4 Rxa4 34. Qxa4 Qc4 35. Qa7 Kh7 36. Qc7 Rf8 37. Qxd7 Rxf2 38. Kxf2 Qc2+ 39. Kf3 Qxb1 40. Qxc6 Qd1+ 41. Kf2 Qd2+ 42. Kf1 Qd3+ 43. Kf2 d4 44. exd4 e4 45. Qe6 Qf3+ 46. Ke1 e3 0-1

[Event "Bethune op 22nd"]
[Site "Bethune"]
[Date "2001.12.26"]
[Round "2"]
[White "Lucas, Jean"]
[Black "Vigneron, Frederic"]
[Result "1/2-1/2"]
[WhiteElo "2061"]
[BlackElo "2118"]
[PlyCount "135"]
[EventDate "2001.12.26"]
[EventType "swiss"]
[EventRounds "7"]
[EventCountry "FRA"]
[SourceTitle "CBM 085 Extra"]
[Source "ChessBase"]
[SourceDate "2002.01.21"]
[SourceVersion "1"]
[SourceVersionDate "2002.01.21"]
[SourceQuality "1"]

1. e4 g6 2. d4 c6 3. f4 d5 4. e5 h5 5. Nf3 Bg4 6. Be2 Bxf3 7. Bxf3 e6 8. Qe2 Nh6 9. Nd2 Qb6 10. c3 Nd7 11. Nb3 a5 12. Be3 a4 13. Nc1 Nf5 14. Bf2 c5 15. dxc5 Bxc5 16. Bxc5 Qxc5 17. Nd3 Qc4 18. g3 a3 19. 0-0 axb2 20. Nxb2 Qxc3 21. Rfc1 Qb4 22. Qf2 Nd4 23. Bg2 Nc6 24. Nd3 Qa3 25. Nc5 Nxc5 26. Qxc5 Qxc5+ 27. Rxc5 Kd7 28. Rb5 Rhb8 29. a4 Nd4 30. Rb2 Ra5 31. Rab1 b5 32. axb5 Raxb5 33. Rxb5 Rxb5 34. Rxb5 Nxb5 35. Kf2 Kc6 36. Ke3 Kc5 37. Kd3 Nd4 38. h3 Nc6 39. Bf3 Nb4+ 40. Kd2 Kd4 41. Be2 Nc6 42. Bb5 Nd8 43. Bd3 Nb7 44. Bb5 Ke4 45. Ke2 h4 46. Bd3+ Kd4 47. gxh4 Nc5 48. Bb5 Ke4 49. Be8 Kxf4 50. Bxf7 Kf5 51. Be8 Ne4 52. Ke3 Ng3 53. Kd4 Nh5 54. Bb5 Nf4 55. Bf1 g5 56. hxg5 Kxg5 57. Bb5 Nxh3 58. Bd7 Kf5 59. Bc6 Nf4 60. Bb5 Ng6 61. Bc6 Nf4 62. Bb5 Kg6 63. Be8+ Kf5 64. Bb5 Ng2 65. Bc6 Ne1 66. Bxd5 Nc2+ 67. Kc4 Kxe5 68. Bxe6 1/2-1/2